[Event "Tbilisi zt (Women)"]
[Site "Tbilisi"]
[Date "1999.??.??"]
[Round "3"]
[White "Khorava, Miranda"]
[Black "Cinar, Nilufer"]
[Result "1-0"]
[WhiteElo "2210"]
[BlackElo "2052"]
[PlyCount "89"]
[EventDate "1999.05.07"]
[EventType "swiss"]
[EventRounds "9"]
[EventCountry "GEO"]
[SourceTitle "EXT 2001"]
[Source "ChessBase"]
[SourceDate "2000.11.22"]
[SourceVersion "1"]
[SourceVersionDate "2000.11.22"]
[SourceQuality "1"]

1. Nf3 d5 2. d4 e6 3. g3 Nf6 4. Bg2 Be7 5. b3 c5 6. Bb2 cxd4 7. Nxd4 0-0 8. 0-0 Nc6 9. Nd2 Bd7 10. c4 Nxd4 11. Bxd4 Bc6 12. e3 Re8 13. Qe2 Bd6 14. cxd5 Nxd5 15. Rfd1 Qe7 16. e4 Nb4 17. Nc4 Bc5 18. Bxc5 Qxc5 19. a3 Na6 20. Nd6 Red8 21. b4 Qe5 22. f4 Qc3 23. e5 Bxg2 24. Qxg2 Rd7 25. Rdc1 Qd4+ 26. Kh1 Qb6 27. Ra2 Nc7 28. Nxb7 Nd5 29. Nd6 h6 30. Rac2 Rad8 31. Rc5 Qa6 32. Qf3 f6 33. Qg4 f5 34. Qf3 Nf6 35. Qb3 Nd5 36. b5 Qb6 37. a4 Rxd6 38. exd6 Qxd6 39. Rc6 Qd7 40. Re1 Re8 41. Kg1 a6 42. Rxa6 Nc7 43. Rc6 Qd4+ 44. Qe3 Qd7 45. Qe5 1-0

[Event "Tbilisi zt (Women)"]
[Site "Tbilisi"]
[Date "1999.??.??"]
[Round "5"]
[White "Khorava, Miranda"]
[Black "Tqeshelashvili, Sopio"]
[Result "1/2-1/2"]
[WhiteElo "2210"]
[BlackElo "2321"]
[PlyCount "100"]
[EventDate "1999.05.07"]
[EventType "swiss"]
[EventRounds "9"]
[EventCountry "GEO"]
[SourceTitle "EXT 2001"]
[Source "ChessBase"]
[SourceDate "2000.11.22"]
[SourceVersion "1"]
[SourceVersionDate "2000.11.22"]
[SourceQuality "1"]

1. e4 c5 2. Nf3 d6 3. d4 cxd4 4. Nxd4 Nf6 5. f3 Nc6 6. c4 g6 7. Be3 Bg7 8. Qd2 0-0 9. Nc3 Nd7 10. Nc2 Nde5 11. Be2 Be6 12. Nd5 f5 13. exf5 Bxf5 14. 0-0 Rc8 15. Rac1 Qe8 16. Nd4 Nxd4 17. Bxd4 b6 18. Rfe1 Qf7 19. b3 Be6 20. Nc3 h6 21. Nb5 Nc6 22. Bxg7 Qxg7 23. Bd3 Bd7 24. Be4 a6 25. Bxc6 Rxc6 26. Nc3 Rf7 27. Re3 b5 28. cxb5 axb5 29. Rce1 Rc5 30. Nd5 e5 31. Nc3 Qf8 32. Rd3 Rc6 33. Nxb5 Rf6 34. Nc3 Bf5 35. Ne4 Re6 36. Rd5 Kh7 37. a4 Qb8 38. b4 Qa7+ 39. Kh1 Qxa4 40. Nxd6 Rc2 41. Qd1 Qxb4 42. Nxf5 gxf5 43. Rdxe5 Rxe5 44. Rxe5 Qd2 45. Qxd2 Rxd2 46. h4 Kg6 47. Kh2 h5 48. Re6+ Kg7 49. Kg3 Rd4 50. Kh3 Ra4 1/2-1/2

[Event "Kishinev Interzonal (Women)"]
[Site "Kishinev"]
[Date "1995.??.??"]
[Round "4"]
[White "Bojkovic, Natasa"]
[Black "Khorava, Miranda"]
[Result "1/2-1/2"]
[WhiteElo "2425"]
[BlackElo "2270"]
[PlyCount "54"]
[EventDate "1995.09.??"]
[EventType "swiss"]
[EventRounds "13"]
[EventCountry "MDA"]
[SourceTitle "EXT 1997"]
[Source "ChessBase"]
[SourceDate "1996.11.15"]
[SourceVersion "1"]
[SourceVersionDate "1996.11.15"]
[SourceQuality "1"]

1. e4 c5 2. Nf3 Nc6 3. d4 cxd4 4. Nxd4 Nf6 5. Nc3 d6 6. Be2 e6 7. 0-0 Be7 8. Be3 0-0 9. f4 Qc7 10. Bf3 a6 11. Nxc6 bxc6 12. Na4 Bb7 13. c4 c5 14. Nc3 Rad8 15. Qd2 Bc6 16. Bf2 Qb7 17. Rfe1 Rd7 18. Rad1 Rb8 19. b3 Bd8 20. Nd5 h6 21. Nxf6+ Bxf6 22. Qa5 Bd8 23. Qc3 Bf6 24. Qa5 Bd8 25. Qc3 Bf6 26. Qc2 a5 27. Rd3 Rbd8 1/2-1/2

[Event "Wch U18 Girls"]
[Site "Guarapuava"]
[Date "1995.??.??"]
[Round "9"]
[White "Khorava, Miranda"]
[Black "Lomineishvili, Maia"]
[Result "0-1"]
[WhiteElo "2270"]
[BlackElo "2295"]
[PlyCount "56"]
[EventDate "1995.12.??"]
[EventType "swiss"]
[EventRounds "11"]
[EventCountry "BRA"]
[SourceTitle "Juniors"]
[Source "ChessBase"]
[SourceDate "1999.07.01"]
[SourceVersion "1"]
[SourceVersionDate "1999.07.01"]
[SourceQuality "1"]

1. Nf3 d5 2. d4 Nf6 3. e3 e6 4. Bd3 c5 5. b3 Nc6 6. 0-0 Bd6 7. Bb2 0-0 8. Nbd2 Qe7 9. Ne5 cxd4 10. exd4 Ba3 11. Bxa3 Qxa3 12. Ndf3 Nb4 13. Re1 Nxd3 14. Qxd3 b6 15. Ng5 h6 16. Nh3 Ba6 17. Qe3 Rac8 18. c3 Rc7 19. Nf4 Rfc8 20. Rac1 Ne4 21. c4 Nd6 22. Nxf7 Rxf7 23. Qxe6 Re8 24. Qg4 Re4 25. g3 Qb2 26. c5 Rxe1+ 27. Rxe1 Ne4 28. Nh3 Nxf2 0-1

[Event "Wch U18 Girls"]
[Site "Guarapuava"]
[Date "1995.??.??"]
[Round "3"]
[White "Mereacre, Natasa"]
[Black "Khorava, Miranda"]
[Result "0-1"]
[WhiteElo "2095"]
[BlackElo "2270"]
[PlyCount "74"]
[EventDate "1995.12.??"]
[EventType "swiss"]
[EventRounds "11"]
[EventCountry "BRA"]
[SourceTitle "Juniors"]
[Source "ChessBase"]
[SourceDate "1999.07.01"]
[SourceVersion "1"]
[SourceVersionDate "1999.07.01"]
[SourceQuality "1"]

1. e4 c5 2. Nf3 d6 3. Bb5+ Nd7 4. 0-0 a6 5. Bxd7+ Bxd7 6. d4 cxd4 7. Qxd4 e5 8. Qd3 Nf6 9. Bg5 Rc8 10. Nc3 Be6 11. Rfd1 h6 12. Bh4 g5 13. Bg3 Be7 14. Qe3 Qa5 15. Nd5 Bxd5 16. exd5 Qc5 17. Qb3 b5 18. a4 b4 19. Rac1 h5 20. h4 Ne4 21. Nd2 Nxd2 22. Rxd2 gxh4 23. Bh2 Bg5 24. Rcd1 Bxd2 25. Rxd2 Rg8 26. Qf3 Rg4 27. Qf6 Rd4 28. Rxd4 Qxd4 29. Qh8+ Kd7 30. Qxh5 Qxd5 31. Qf5+ Kc7 32. Qg4 f5 33. Qh5 Kb8 34. g3 Rxc2 35. Qg5 h3 36. Qd8+ Kb7 37. Qd7+ Rc7 0-1

[Event "Kishinev Interzonal (Women)"]
[Site "Kishinev"]
[Date "1995.??.??"]
[Round "11"]
[White "Semenova, Lidia K"]
[Black "Khorava, Miranda"]
[Result "1-0"]
[WhiteElo "2310"]
[BlackElo "2270"]
[PlyCount "121"]
[EventDate "1995.09.??"]
[EventType "swiss"]
[EventRounds "13"]
[EventCountry "MDA"]
[SourceTitle "EXT 1997"]
[Source "ChessBase"]
[SourceDate "1996.11.15"]
[SourceVersion "1"]
[SourceVersionDate "1996.11.15"]
[SourceQuality "1"]

1. e4 c5 2. Nf3 e6 3. d4 cxd4 4. Nxd4 a6 5. Bd3 Nf6 6. 0-0 d6 7. Kh1 Be7 8. f4 Nbd7 9. a4 Qc7 10. a5 0-0 11. Nc3 Nc5 12. Qe1 Re8 13. Bd2 Bf8 14. b4 Nxd3 15. cxd3 e5 16. Nf3 Bg4 17. Qg3 Rac8 18. Rac1 exf4 19. Bxf4 Qd7 20. Bg5 Nh5 21. Qf2 h6 22. Bd2 f5 23. h3 Bxh3 24. gxh3 fxe4 25. Ng1 d5 26. Nce2 Rxc1 27. Rxc1 Bd6 28. d4 Rf8 29. Qg2 Kh7 30. Rf1 Rc8 31. Qg4 Qxg4 32. hxg4 Rc2 33. gxh5 Rxd2 34. Rb1 Ra2 35. Kg2 g6 36. hxg6+ Kxg6 37. b5 Rxa5 38. bxa6 b5 39. Nh3 b4 40. Nhf4+ Bxf4 41. Nxf4+ Kf5 42. Ne2 Rxa6 43. Rxb4 Ra2 44. Kf2 Ra3 45. Rb8 Rf3+ 46. Kg2 Re3 47. Rf8+ Kg4 48. Rg8+ Kf5 49. Ng3+ Kf4 50. Nh5+ Kf5 51. Re8 Re2+ 52. Kg3 Re3+ 53. Kh4 Re1 54. Re5+ Kg6 55. Nf4+ Kf7 56. Nxd5 Kg6 57. Nf4+ Kf6 58. Nh5+ Kf7 59. Kg4 e3 60. Kf3 Kg6 61. Nf4+ 1-0

[Event "Kishinev Interzonal (Women)"]
[Site "Kishinev"]
[Date "1995.??.??"]
[Round "7"]
[White "Zhu, Chen"]
[Black "Khorava, Miranda"]
[Result "0-1"]
[WhiteElo "2390"]
[BlackElo "2270"]
[PlyCount "82"]
[EventDate "1995.09.??"]
[EventType "swiss"]
[EventRounds "13"]
[EventCountry "MDA"]
[SourceTitle "EXT 1997"]
[Source "ChessBase"]
[SourceDate "1996.11.15"]
[SourceVersion "1"]
[SourceVersionDate "1996.11.15"]
[SourceQuality "1"]

1. d4 d5 2. c4 e6 3. Nc3 c6 4. Nf3 Nd7 5. e3 Bd6 6. Bd3 Ngf6 7. 0-0 0-0 8. e4 dxe4 9. Nxe4 Nxe4 10. Bxe4 f5 11. Bc2 Nf6 12. Qe2 c5 13. dxc5 Bxc5 14. Bf4 Qb6 15. Rab1 a5 16. h3 Bd7 17. Rfe1 Rfe8 18. Ne5 Bc6 19. Nxc6 Qxc6 20. Be5 Rad8 21. a3 Bd4 22. b4 Bxe5 23. Qxe5 Rd2 24. Re2 Rxe2 25. Qxe2 axb4 26. Rxb4 Rd8 27. Ba4 Qc8 28. Rb6 Ne4 29. Qe3 Rd2 30. Bb3 Qc5 31. Qxc5 Nxc5 32. Rb5 Rb2 33. Rxc5 Rxb3 34. a4 Kf7 35. Rb5 Rxb5 36. axb5 Ke7 37. c5 e5 38. g4 g6 39. gxf5 gxf5 40. f4 e4 41. Kf2 Ke6 0-1